[Event "Chigorin Memorial 30th"]
[Site "St Petersburg"]
[Date "2023.10.28"]
[Round "8"]
[White "Lipovoy, Ivan"]
[Black "Galakhanova, Evelina"]
[Result "1/2-1/2"]
[WhiteElo "1588"]
[BlackElo "1810"]
[PlyCount "80"]
[EventDate "2023.10.21"]
[EventType "swiss"]
[EventRounds "9"]
[EventCountry "RUS"]
[SourceTitle "Mega2024 Update 01"]
[Source "Chessbase"]
[SourceDate "2023.11.12"]
[SourceVersion "1"]
[SourceVersionDate "2023.11.12"]
[SourceQuality "1"]

1. d4 Nf6 2. c4 g6 3. Nf3 Bg7 4. Nc3 d5 5. Qb3 c6 6. cxd5 Nxd5 7. e4 Nxc3 8. bxc3 0-0 9. Be2 Nd7 10. 0-0 b5 11. a4 a6 12. e5 Nb6 13. a5 Be6 14. Qb4 Nc4 15. Re1 Rc8 16. Ng5 c5 17. dxc5 Qd5 18. Nxe6 fxe6 19. Bxc4 bxc4 20. Be3 Rb8 21. Qa4 Qxe5 22. Qxc4 Qd5 23. Qxa6 Bxc3 24. Rad1 Qf5 25. Rf1 Bb4 26. Rb1 Ra8 27. Qc4 Bxa5 28. Rb7 Qd5 29. Qxd5 exd5 30. Rxe7 Bc3 31. g3 Rac8 32. Rd7 Rfd8 33. Rxd8+ Rxd8 34. Rd1 d4 35. c6 Kf7 36. c7 Rc8 37. Bxd4 Bxd4 38. Rxd4 Rxc7 39. Kg2 Kf6 40. h4 h5 1/2-1/2

[Event "Dzhubga Blitz op"]
[Site "Dzhubga"]
[Date "2023.08.13"]
[Round "2"]
[White "Denishev, Marat"]
[Black "Lipovoy, Ivan"]
[Result "1-0"]
[WhiteElo "2172"]
[BlackElo "1588"]
[PlyCount "43"]
[EventDate "2023.08.13"]
[EventType "swiss (blitz)"]
[EventRounds "13"]
[EventCountry "RUS"]
[SourceTitle "CBM 215 Extra"]
[Source "ChessBase"]
[SourceDate "2023.09.30"]
[SourceVersion "1"]
[SourceVersionDate "2023.09.30"]
[SourceQuality "1"]

1. Nf3 Nf6 2. b3 b6 3. Bb2 Bb7 4. c4 c5 5. g3 h5 6. Bg2 g5 7. 0-0 h4 8. Nxg5 Bxg2 9. Kxg2 Bg7 10. Nc3 Nc6 11. Nd5 e6 12. Ne3 Nd4 13. Nf3 Ne4 14. d3 Ng5 15. Nxh4 Qc7 16. Nf3 Ndxf3 17. exf3 Bxb2 18. Rb1 Bd4 19. h4 Nh7 20. Nc2 Bf6 21. d4 cxd4 22. Nxd4 1-0

[Event "Chigorin Memorial 29th"]
[Site "St Petersburg"]
[Date "2022.10.23"]
[Round "2"]
[White "Lipovoy, Ivan"]
[Black "Borozdin, Leonid"]
[Result "1-0"]
[WhiteElo "1718"]
[BlackElo "1320"]
[PlyCount "85"]
[EventDate "2022.10.22"]
[EventType "swiss"]
[EventRounds "9"]
[EventCountry "RUS"]
[SourceTitle "EXT 2024"]
[Source "ChessBase"]
[SourceDate "2023.10.10"]
[SourceVersion "1"]
[SourceVersionDate "2023.10.10"]
[SourceQuality "1"]

1. e4 e6 2. d4 d5 3. Nd2 c5 4. Ngf3 Nc6 5. exd5 Qxd5 6. Bc4 Qd8 7. Nb3 cxd4 8. Nbxd4 Nxd4 9. Nxd4 Bc5 10. Bb5+ Bd7 11. Nxe6 Bxf2+ 12. Kxf2 fxe6 13. Qh5+ g6 14. Bxd7+ Qxd7 15. Qe5 Nf6 16. Ke1 0-0 17. Be3 Qd5 18. Qxd5 Nxd5 19. Ke2 Rf5 20. c4 Nxe3 21. Kxe3 Raf8 22. Rhe1 Re5+ 23. Kd3 Rxe1 24. Rxe1 Rd8+ 25. Ke3 Kf7 26. Re2 Kf6 27. Rd2 Rxd2 28. Kxd2 Kf5 29. Ke3 Ke5 30. b4 b6 31. a4 a5 32. b5 Kd6 33. Kd4 e5+ 34. Ke4 Kc5 35. Kxe5 Kxc4 36. Kd6 Kb4 37. Kc6 Kxa4 38. Kxb6 Kb4 39. Kc6 a4 40. b6 a3 41. b7 a2 42. b8Q+ Kc4 43. Qb2 1-0

[Event "RUS-chT U11"]
[Site "Sochi"]
[Date "2019.05.09"]
[Round "8.2"]
[White "Lipovoy, Ivan"]
[Black "Yonal, Timur"]
[Result "0-1"]
[WhiteElo "1171"]
[BlackElo "1440"]
[PlyCount "110"]
[EventDate "2019.05.01"]
[EventType "team-tourn"]
[EventRounds "9"]
[EventCountry "RUS"]
[SourceTitle "EXT 2022"]
[Source "ChessBase"]
[SourceDate "2021.10.06"]
[SourceVersion "1"]
[SourceVersionDate "2021.10.06"]
[SourceQuality "1"]

1. e4 c5 2. Nf3 e6 3. d4 cxd4 4. Nxd4 a6 5. c4 Nf6 6. Nc3 Qc7 7. a3 Be7 8. Be3 b6 9. Be2 Bb7 10. f3 d6 11. 0-0 Nbd7 12. a4 Rb8 13. a5 bxa5 14. Nb3 Ba8 15. Nxa5 Rxb2 16. Nb3 Qb7 17. Nd4 Nc5 18. Na4 Rb4 19. Bd2 Rxa4 20. Rxa4 Nxa4 21. Qxa4+ Nd7 22. Ra1 0-0 23. Qxa6 Qb2 24. Be3 Bf6 25. Qa7 Nc5 26. Qxa8 Bxd4 27. Bxd4 Qxd4+ 28. Kh1 Nb3 29. Ra2 Nc1 30. Qa7 Qxa7 31. Rxa7 Nxe2 32. Rd7 Rc8 33. Rxd6 Kf8 34. h3 Rxc4 35. Ra6 Rc1+ 36. Kh2 Rc2 37. Ra8+ Ke7 38. e5 g6 39. Ra4 Kf8 40. Rg4 h5 41. Re4 Kg7 42. Rh4 Kh6 43. Kh1 g5 44. Ra4 Rc5 45. Ra2 Rxe5 46. Ra8 Kg7 47. Kh2 h4 48. Ra4 Rc5 49. Rg4 Kh6 50. f4 Nxf4 51. g3 f5 52. Rxg5 Kxg5 53. gxf4+ Kxf4 54. Kh1 Kg3 55. Kg1 Rc1# 0-1

[Event "RUS-chT U11"]
[Site "Sochi"]
[Date "2019.05.05"]
[Round "5.2"]
[White "Zimin, Artur"]
[Black "Lipovoy, Ivan"]
[Result "1-0"]
[WhiteElo "1653"]
[BlackElo "1171"]
[PlyCount "93"]
[EventDate "2019.05.01"]
[EventType "team-tourn"]
[EventRounds "9"]
[EventCountry "RUS"]
[SourceTitle "EXT 2022"]
[Source "ChessBase"]
[SourceDate "2021.10.06"]
[SourceVersion "1"]
[SourceVersionDate "2021.10.06"]
[SourceQuality "1"]

1. d4 d5 2. Bf4 Nf6 3. Nf3 e6 4. c3 c5 5. e3 Nc6 6. Nbd2 Qb6 7. Qb3 c4 8. Qc2 Bd7 9. Be2 Be7 10. 0-0 0-0 11. Ne5 Rac8 12. g4 Nxe5 13. dxe5 Ne8 14. g5 Qd8 15. Nf3 g6 16. h4 Ng7 17. Kg2 a6 18. Rh1 b5 19. Nh2 Bc6 20. Bf3 Nf5 21. Ng4 h5 22. Nf6+ Kh8 23. Qe2 Bxf6 24. gxf6 d4 25. e4 d3 26. Qd2 Nd6 27. exd6 Qxf6 28. Bg5 Qe5 29. Be7 Bxe4 30. Bxe4 Qxe4+ 31. f3 Qe5 32. Rae1 Qg7 33. Qf4 Qh7 34. d7 Ra8 35. d8Q Rfxd8 36. Bxd8 Rxd8 37. Qf6+ Qg7 38. Qxd8+ Qg8 39. Qxg8+ Kxg8 40. Re5 Kg7 41. Rc5 Kf6 42. Rc6 a5 43. Rc5 d2 44. Rxb5 d1Q 45. Rxd1 a4 46. Rb4 Kf5 47. Rxc4 1-0

[Event "RUS-chT U11"]
[Site "Sochi"]
[Date "2019.05.03"]
[Round "3.2"]
[White "Zverev, Lev"]
[Black "Lipovoy, Ivan"]
[Result "1-0"]
[WhiteElo "1781"]
[BlackElo "1171"]
[PlyCount "63"]
[EventDate "2019.05.01"]
[EventType "team-tourn"]
[EventRounds "9"]
[EventCountry "RUS"]
[SourceTitle "EXT 2022"]
[Source "ChessBase"]
[SourceDate "2021.10.06"]
[SourceVersion "1"]
[SourceVersionDate "2021.10.06"]
[SourceQuality "1"]

1. e4 e5 2. Nf3 Nc6 3. Bb5 a6 4. Ba4 Nf6 5. d3 d6 6. c3 b5 7. Bc2 Be7 8. 0-0 0-0 9. Nbd2 Na5 10. Re1 c5 11. Nf1 Qc7 12. Ng3 Rd8 13. h3 d5 14. exd5 Rxd5 15. Qe2 Be6 16. Nxe5 Bd6 17. f4 g5 18. c4 bxc4 19. dxc4 Rd4 20. Nh5 Rxc4 21. Nxf6+ Kg7 22. Nh5+ Kf8 23. Nxc4 Bxc4 24. Qe4 Be6 25. Qxa8+ Qc8 26. Qxc8+ Bxc8 27. fxg5 Bb7 28. Ba4 Bc6 29. Bxc6 Nxc6 30. Nf6 Nd4 31. Re8+ Kg7 32. Rg8# 1-0